[Event "Subcarpathian-chT"]
[Site "Bystre"]
[Date "2021.06.12"]
[Round "7.25"]
[White "Fistek, Dariusz"]
[Black "Kardys, Zbigniew"]
[Result "1/2-1/2"]
[WhiteElo "2178"]
[BlackElo "1934"]
[PlyCount "23"]
[EventDate "2021.06.09"]
[EventType "team-tourn"]
[EventRounds "9"]
[EventCountry "POL"]
[SourceTitle "EXT 2022"]
[Source "ChessBase"]
[SourceDate "2021.10.06"]
[SourceVersion "1"]
[SourceVersionDate "2021.10.06"]
[SourceQuality "1"]

1. d4 f5 2. c4 e6 3. Nf3 Nf6 4. g3 d5 5. Bg2 c6 6. 0-0 Bd6 7. b3 0-0 8. Bb2 Bd7 9. Nbd2 Be8 10. Ne5 Nbd7 11. Ndf3 Bh5 12. Nd3 1/2-1/2

[Event "Rubinstein Memorial-C 55th"]
[Site "Polanica Zdroj"]
[Date "2019.08.24"]
[Round "8"]
[White "Kaliszuk, Kamil"]
[Black "Kardys, Zbigniew"]
[Result "1/2-1/2"]
[WhiteElo "1853"]
[BlackElo "1949"]
[PlyCount "105"]
[EventDate "2019.08.17"]
[EventType "swiss"]
[EventRounds "9"]
[EventCountry "POL"]
[SourceTitle "EXT 2020"]
[Source "ChessBase"]
[SourceDate "2019.10.17"]
[SourceVersion "1"]
[SourceVersionDate "2019.10.17"]
[SourceQuality "1"]

1. e4 c5 2. Nf3 Nf6 3. Nc3 d6 4. d4 cxd4 5. Nxd4 e6 6. g3 a6 7. Bg2 Qc7 8. 0-0 Be7 9. Be3 0-0 10. Nb3 Bd7 11. f4 Bc6 12. g4 h6 13. g5 hxg5 14. fxg5 Nh7 15. Qh5 g6 16. Qh6 Qd8 17. h4 Nd7 18. Bd4 Ne5 19. Nc5 Bxg5 20. hxg5 Qxg5 21. Qxg5 Nxg5 22. Bxe5 dxe5 23. Rad1 Rad8 24. Rxd8 Rxd8 25. Rd1 Rd4 26. Kf2 Rc4 27. Nd7 Rb4 28. b3 Rd4 29. Nxe5 Rxd1 30. Nxd1 Bxe4 31. Bxe4 Nxe4+ 32. Ke3 Nd6 33. Nc3 g5 34. Ne4 Nxe4 35. Kxe4 f5+ 36. Kf3 Kf8 37. Nd7+ Ke7 38. Nc5 b6 39. Nxa6 Kd6 40. Nb4 e5 41. c4 Kc5 42. Nc2 Kd6 43. a4 Kc5 44. Ke3 g4 45. Kd3 e4+ 46. Kc3 g3 47. b4+ Kd6 48. Ne1 f4 49. Kd2 f3 50. Nxf3 exf3 51. Ke3 f2 52. Ke2 Kc6 53. Kf1 1/2-1/2

[Event "Malopolska Region-chB"]
[Site "Krakow"]
[Date "2019.06.20"]
[Round "1"]
[White "Pierzchala, Michal"]
[Black "Kardys, Zbigniew"]
[Result "0-1"]
[WhiteElo "1538"]
[BlackElo "1950"]
[PlyCount "70"]
[EventDate "2019.06.20"]
[EventType "swiss"]
[EventRounds "7"]
[EventCountry "POL"]
[SourceTitle "EXT 2020"]
[Source "ChessBase"]
[SourceDate "2019.10.17"]
[SourceVersion "1"]
[SourceVersionDate "2019.10.17"]
[SourceQuality "1"]

1. e4 c5 2. Nf3 e6 3. d4 cxd4 4. Nxd4 Nf6 5. Nc3 Bb4 6. Bd3 d5 7. Bg5 dxe4 8. Bxe4 Bxc3+ 9. bxc3 Qa5 10. Bxf6 Qxc3+ 11. Ke2 gxf6 12. Qd3 Qxd3+ 13. Kxd3 Nd7 14. Ke3 f5 15. Bf3 Ne5 16. Be2 Bd7 17. h3 Rc8 18. Rab1 Rc7 19. f4 Ng6 20. g3 Ke7 21. c4 Rhc8 22. Rhe1 b6 23. Bd3 Kf6 24. h4 h6 25. Rb2 Bc6 26. Nxc6 Rxc6 27. Be2 e5 28. Rd1 exf4+ 29. gxf4 Re6+ 30. Kf2 Nxf4 31. Bf3 Rxc4 32. Kg3 Re3 33. Rd6+ Ne6 34. Kf2 Ra3 35. Re2 Rxh4 0-1

[Event "POL-chT 2nd League"]
[Site "Jastrzebia Gora"]
[Date "2016.09.11"]
[Round "9.68"]
[White "Kujawski, Adam"]
[Black "Kardys, Zbigniew"]
[Result "1-0"]
[WhiteElo "2296"]
[BlackElo "1986"]
[PlyCount "67"]
[EventDate "2016.09.03"]
[EventType "team-swiss"]
[EventRounds "9"]
[EventCountry "POL"]
[SourceTitle "EXT 2017"]
[Source "ChessBase"]
[SourceDate "2016.10.25"]
[SourceVersion "1"]
[SourceVersionDate "2016.10.25"]
[SourceQuality "1"]
[WhiteTeam "Bydgoszcz Hetman"]
[BlackTeam "Stara Wies Parnas"]
[WhiteTeamCountry "POL"]
[BlackTeamCountry "POL"]

1. e4 c5 2. Nf3 e6 3. c3 Nf6 4. e5 Nd5 5. d4 cxd4 6. cxd4 d6 7. Bd3 Nc6 8. 0-0 Be7 9. Qe2 b6 10. Nc3 Nxc3 11. bxc3 dxe5 12. Nxe5 Nxe5 13. Qxe5 Bf6 14. Qf4 Bb7 15. Bb5+ Kf8 16. a4 Qd5 17. f3 Rc8 18. Ba3+ Kg8 19. Kh1 Bg5 20. Qg3 Qd8 21. Bb2 h5 22. f4 Bf6 23. h3 Bh4 24. Qe3 Qd5 25. Qe2 Rh6 26. Bd3 f5 27. c4 Qc6 28. a5 Re8 29. axb6 axb6 30. Ra7 Rg6 31. Rg1 Rg3 32. Kh2 Rg6 33. d5 exd5 34. cxd5 1-0

[Event "POL-chT 2nd League"]
[Site "Szczyrk"]
[Date "2014.09.12"]
[Round "7.53"]
[White "Duda, Lukasz"]
[Black "Kardys, Zbigniew"]
[Result "1/2-1/2"]
[WhiteElo "2161"]
[BlackElo "1989"]
[PlyCount "133"]
[EventDate "2014.09.06"]
[EventType "team-swiss"]
[EventRounds "9"]
[EventCountry "POL"]
[SourceTitle "EXT 2015"]
[Source "ChessBase"]
[SourceDate "2014.11.20"]
[SourceVersion "1"]
[SourceVersionDate "2014.11.20"]
[SourceQuality "1"]
[WhiteTeam "Gliwice Politechnika Slaska"]
[BlackTeam "Stara Wies Parnas"]
[WhiteTeamCountry "POL"]
[BlackTeamCountry "POL"]

1. e4 c5 2. Nc3 Nc6 3. d3 g6 4. g3 Bg7 5. Be3 d6 6. Qd2 Nd4 7. Bg2 Rb8 8. Nd1 e5 9. c3 Nc6 10. Ne2 Nge7 11. Bh6 0-0 12. h4 Bxh6 13. Qxh6 f6 14. Qd2 d5 15. exd5 Nxd5 16. Ne3 Be6 17. 0-0 Qd7 18. Rad1 Rbe8 19. b3 Nxe3 20. fxe3 Bh3 21. e4 Bg4 22. Kh2 Rd8 23. Bf3 Bxf3 24. Rxf3 Qg4 25. Qe3 b6 26. Rdf1 Kg7 27. Ng1 Rd6 28. Nh3 Rfd8 29. Nf2 Qe6 30. Nh3 Qg4 31. Nf2 Qd7 32. Rg1 h5 33. Rf1 Ne7 34. Rd1 Ng8 35. Kg2 Nh6 36. Qe2 Ng4 37. Nxg4 hxg4 38. Re3 b5 39. c4 bxc4 40. bxc4 Rd4 41. Qc2 Qc6 42. Kg1 Qd6 43. Qe2 Rxc4 44. Qxg4 Qd4 45. Rde1 Rc1 46. Qe2 Rxe1+ 47. Qxe1 Rb8 48. Kg2 a5 49. Kf3 a4 50. Qa5 Rb7 51. Qa6 Rf7 52. Qc4 Rd7 53. Qb5 Kf7 54. Qc4+ Qxc4 55. dxc4 Rd4 56. Rc3 f5 57. exf5 gxf5 58. Ke3 Kg6 59. Kf3 Kf6 60. Ke3 f4+ 61. Kf3 fxg3 62. Kxg3 Kf5 63. h5 Kg5 64. Re3 Rg4+ 65. Kf3 Rf4+ 66. Ke2 e4 67. Rh3 1/2-1/2

[Event "Bydgoszcz op-B"]
[Site "Bydgoszcz"]
[Date "1999.??.??"]
[Round "5"]
[White "Gawronski, Miroslaw"]
[Black "Kardys, Zbigniew"]
[Result "1-0"]
[WhiteElo "2191"]
[BlackElo "2180"]
[PlyCount "87"]
[EventDate "1999.??.??"]
[EventType "swiss"]
[EventRounds "9"]
[EventCountry "POL"]
[SourceTitle "EXT 2001"]
[Source "ChessBase"]
[SourceDate "2000.11.22"]
[SourceVersion "1"]
[SourceVersionDate "2000.11.22"]
[SourceQuality "1"]

1. d4 Nf6 2. g3 d5 3. Bg2 c6 4. Nf3 g6 5. 0-0 Bg7 6. c4 0-0 7. Qb3 Qb6 8. Nc3 dxc4 9. Qxc4 Be6 10. Qd3 Na6 11. Rd1 Rfd8 12. Ng5 Nb4 13. Qd2 Bh6 14. h4 Bc4 15. b3 Bd5 16. e4 Be6 17. Na4 Qb5 18. Bf1 Bxg5 19. Qe1 Nc2 20. Bxb5 Nxe1 21. hxg5 Nc2 22. Bd3 Nxa1 23. gxf6 Nxb3 24. fxe7 Re8 25. Bb2 Na5 26. Ba3 Nc4 27. Bxc4 Bxc4 28. d5 Bxa2 29. Nc3 Bc4 30. d6 Be6 31. d7 Red8 32. exd8Q+ Rxd8 33. e5 Rxd7 34. Bd6 b6 35. Ne4 Kg7 36. Nf6 Rd8 37. g4 c5 38. f4 Bb3 39. Rd3 c4 40. Rh3 h6 41. Kf2 Ba4 42. Ne4 Bd7 43. Be7 Rg8 44. Nf6 1-0

[Event "POL-chT 2nd League South"]
[Site "Wisla"]
[Date "1998.??.??"]
[Round "?"]
[White "Gawronski, Miroslaw"]
[Black "Kardys, Zbigniew"]
[Result "1-0"]
[WhiteElo "2155"]
[BlackElo "2180"]
[PlyCount "57"]
[EventDate "1998.11.20"]
[EventType "team-swiss"]
[EventRounds "10"]
[EventCountry "POL"]
[SourceTitle "EXT 2000"]
[Source "ChessBase"]
[SourceDate "1999.11.16"]
[SourceVersion "1"]
[SourceVersionDate "1999.11.16"]
[SourceQuality "1"]

1. d4 Nf6 2. c4 e6 3. Nc3 Bb4 4. Qc2 c5 5. e3 Nc6 6. Nf3 cxd4 7. exd4 d5 8. Bg5 Be7 9. Rd1 0-0 10. a3 h6 11. Be3 b6 12. cxd5 exd5 13. Ne5 Bb7 14. Qa4 Nb8 15. Bd3 a6 16. 0-0 b5 17. Qc2 Nbd7 18. Qe2 Bd6 19. f4 Rc8 20. Qf3 Bxa3 21. Ne2 Bxb2 22. Qh3 Nb6 23. f5 Re8 24. Bxh6 gxh6 25. Qxh6 Rxe5 26. Rf3 Re4 27. Bxe4 Nxe4 28. Rdd3 Ng5 29. f6 1-0

[Event "POL-chT 2nd League South"]
[Site "Wisla"]
[Date "1998.??.??"]
[Round "?"]
[White "Kardys, Zbigniew"]
[Black "Kosiorek, Marek"]
[Result "0-1"]
[WhiteElo "2180"]
[BlackElo "2360"]
[PlyCount "73"]
[EventDate "1998.11.20"]
[EventType "team-swiss"]
[EventRounds "10"]
[EventCountry "POL"]
[SourceTitle "EXT 2000"]
[Source "ChessBase"]
[SourceDate "1999.11.16"]
[SourceVersion "1"]
[SourceVersionDate "1999.11.16"]
[SourceQuality "1"]

1. e4 c5 2. Nf3 d6 3. d4 cxd4 4. Qxd4 Bd7 5. c4 Nc6 6. Qd2 Nf6 7. Nc3 g6 8. b3 Bg7 9. Bb2 0-0 10. Be2 Qa5 11. Rb1 a6 12. a3 Rfc8 13. 0-0 Rab8 14. b4 Qd8 15. h3 Be6 16. Qe3 Nd7 17. Ng5 Nd4 18. Nd5 Nxe2+ 19. Qxe2 Bxb2 20. Rxb2 Ne5 21. Nxe6 fxe6 22. Ne3 Qb6 23. Rd1 Rc7 24. Kh2 Rf8 25. Rc2 a5 26. Qd2 axb4 27. axb4 Qc6 28. f4 Nd7 29. f5 Qxe4 30. fxe6 Qxe6 31. Qd5 Rf6 32. Rf1 Kg7 33. Qxe6 Rxe6 34. Nd5 Rc8 35. Rf3 Re4 36. Rfc3 e6 37. Ne3 0-1

[Event "POL-chT 2nd League South"]
[Site "Wisla"]
[Date "1998.??.??"]
[Round "?"]
[White "Kusina, Jan"]
[Black "Kardys, Zbigniew"]
[Result "1-0"]
[WhiteElo "2135"]
[BlackElo "2180"]
[PlyCount "59"]
[EventDate "1998.11.20"]
[EventType "team-swiss"]
[EventRounds "10"]
[EventCountry "POL"]
[SourceTitle "EXT 2000"]
[Source "ChessBase"]
[SourceDate "1999.11.16"]
[SourceVersion "1"]
[SourceVersionDate "1999.11.16"]
[SourceQuality "1"]

1. c4 Nf6 2. Nc3 c5 3. Nf3 e6 4. d4 cxd4 5. Nxd4 d6 6. e4 Be7 7. Be2 0-0 8. 0-0 Nc6 9. Be3 a6 10. Qd2 Qc7 11. Rac1 Ne5 12. b3 b6 13. f3 Bb7 14. Rfd1 Rfe8 15. Bf1 Rac8 16. Kh1 Qb8 17. Nde2 Ba8 18. Nf4 Bf8 19. Qf2 Ned7 20. Nd3 b5 21. Nb2 bxc4 22. Bxc4 Bb7 23. Nba4 d5 24. exd5 exd5 25. Nxd5 Ba3 26. Bf4 Qa8 27. Nxf6+ Nxf6 28. Rc2 Bc6 29. Nb6 Qa7 30. Nxc8 1-0

[Event "POL-chT 2nd League South"]
[Site "Wisla"]
[Date "1998.??.??"]
[Round "?"]
[White "Szkatula, Leszek"]
[Black "Kardys, Zbigniew"]
[Result "1/2-1/2"]
[WhiteElo "2295"]
[BlackElo "2180"]
[PlyCount "51"]
[EventDate "1998.11.20"]
[EventType "team-swiss"]
[EventRounds "10"]
[EventCountry "POL"]
[SourceTitle "EXT 2000"]
[Source "ChessBase"]
[SourceDate "1999.11.16"]
[SourceVersion "1"]
[SourceVersionDate "1999.11.16"]
[SourceQuality "1"]

1. e4 c5 2. Nf3 Nc6 3. d4 cxd4 4. Nxd4 e6 5. Nb5 d6 6. c4 Nf6 7. N5c3 a6 8. Be2 Be7 9. 0-0 0-0 10. Bf4 Qc7 11. Re1 Ne5 12. Nd2 b6 13. Bf1 Bb7 14. Rc1 Rac8 15. Bg3 Rfd8 16. b3 Qb8 17. Nf3 Bc6 18. Nd4 Ba8 19. f3 Nh5 20. Bf2 Nf4 21. g3 Nfg6 22. f4 Nc6 23. Nf3 Nf8 24. Qe2 Nd7 25. Bg2 Nc5 26. Red1 1/2-1/2

[Event "POL-chT 42nd"]
[Site "Porabka"]
[Date "1986.10.??"]
[Round "7"]
[White "Kardys, Zbigniew"]
[Black "Lokasto, Anatol"]
[Result "1/2-1/2"]
[WhiteElo "2245"]
[BlackElo "2285"]
[PlyCount "45"]
[EventDate "1986.10.18"]
[EventType "team-tourn"]
[EventRounds "11"]
[EventCountry "POL"]
[SourceTitle "EXT 2019"]
[Source "ChessBase"]
[SourceDate "2018.10.10"]
[SourceVersion "1"]
[SourceVersionDate "2018.10.10"]
[SourceQuality "1"]
[WhiteTeam "Katowice Kolejarz"]
[BlackTeam "Warszawa Legion"]
[WhiteTeamCountry "POL"]
[BlackTeamCountry "POL"]

1. e4 e5 2. Nf3 Nc6 3. Bb5 Bc5 4. c3 f5 5. 0-0 fxe4 6. Nxe5 Nxe5 7. Qh5+ Nf7 8. Qxc5 c6 9. Be2 Nf6 10. d3 d6 11. Qe3 Qe7 12. dxe4 Qxe4 13. Qxe4+ Nxe4 14. Nd2 Nf6 15. c4 0-0 16. b3 Bf5 17. Bb2 Rfe8 18. Rfe1 Ne5 19. f3 Nd3 20. Bxd3 Bxd3 21. Kf2 Kf7 22. Rxe8 Rxe8 23. Re1 1/2-1/2

[Event "POL-chT 42nd"]
[Site "Porabka"]
[Date "1986.10.??"]
[Round "3"]
[White "Kardys, Zbigniew"]
[Black "Szopka, Dariusz"]
[Result "0-1"]
[WhiteElo "2245"]
[BlackElo "2220"]
[PlyCount "128"]
[EventDate "1986.10.18"]
[EventType "team-tourn"]
[EventRounds "11"]
[EventCountry "POL"]
[SourceTitle "EXT 2019"]
[Source "ChessBase"]
[SourceDate "2018.10.10"]
[SourceVersion "1"]
[SourceVersionDate "2018.10.10"]
[SourceQuality "1"]
[WhiteTeam "Katowice Kolejarz"]
[BlackTeam "Czestochowa Skra-Komobex"]
[WhiteTeamCountry "POL"]
[BlackTeamCountry "POL"]

1. Nf3 Nf6 2. c4 g6 3. g3 Bg7 4. Bg2 0-0 5. 0-0 d6 6. d4 Nbd7 7. Nc3 e5 8. b3 exd4 9. Nxd4 Re8 10. Bb2 Nc5 11. Qc2 Qe7 12. Rae1 c6 13. e3 Nce4 14. Nxe4 Nxe4 15. f3 Nf6 16. e4 h5 17. h4 Qc7 18. Ne2 Bd7 19. Nf4 Re7 20. Rd1 Rd8 21. Rd2 Bc8 22. Rfd1 Ne8 23. Bxg7 Kxg7 24. Qc3+ Kh7 25. c5 Be6 26. Bh3 Bxh3 27. Nxh3 d5 28. f4 Red7 29. Ng5+ Kg8 30. e5 Re7 31. Qd3 Ng7 32. Ne4 Qc8 33. Kg2 Qf5 34. Nd6 Qg4 35. Qf3 Nf5 36. Qxg4 hxg4 37. Nxf5 gxf5 38. Rd4 b6 39. b4 bxc5 40. bxc5 Rb8 41. R1d2 Rb5 42. Rc2 f6 43. exf6 Re1 44. a4 Rb3 45. Kh2 Kf7 46. Rdd2 Kxf6 47. Rb2 Ree3 48. Rxb3 Rxb3 49. Re2 Rc3 50. h5 Rxc5 51. h6 Kg6 52. Re6+ Kh7 53. Rd6 Rc4 54. a5 d4 55. a6 c5 56. Kg2 Rc3 57. Rd7+ Kxh6 58. Rxa7 d3 59. Rd7 c4 60. Rd4 Rc2+ 61. Kf1 Ra2 62. Rxc4 Ra1+ 63. Kf2 d2 64. Rc6+ Kh5 0-1

[Event "POL-chT 42nd"]
[Site "Porabka"]
[Date "1986.10.??"]
[Round "1"]
[White "Semczuk, Jerzy"]
[Black "Kardys, Zbigniew"]
[Result "0-1"]
[WhiteElo "2250"]
[BlackElo "2245"]
[PlyCount "59"]
[EventDate "1986.10.18"]
[EventType "team-tourn"]
[EventRounds "11"]
[EventCountry "POL"]
[SourceTitle "EXT 2019"]
[Source "ChessBase"]
[SourceDate "2018.10.10"]
[SourceVersion "1"]
[SourceVersionDate "2018.10.10"]
[SourceQuality "1"]
[WhiteTeam "Swidnik Avia"]
[BlackTeam "Katowice Kolejarz"]
[WhiteTeamCountry "POL"]
[BlackTeamCountry "POL"]

1. c4 Nf6 2. Nc3 e6 3. e4 c5 4. e5 Ng8 5. d4 cxd4 6. Qxd4 Nc6 7. Qe4 f5 8. Qe2 a6 9. Nf3 Qc7 10. h4 Bc5 11. Bf4 Nge7 12. h5 Nd4 13. Nxd4 Bxd4 14. 0-0-0 Nc6 15. Re1 Qa5 16. Rh3 0-0 17. Nb1 Qc5 18. Nd2 Bxb2+ 19. Kxb2 Qd4+ 20. Kb1 Qxf4 21. Nf3 Nd4 22. Qb2 Nxf3 23. Rxf3 Qg5 24. Rh3 b5 25. cxb5 axb5 26. Rg3 Qh6 27. Bxb5 Bb7 28. Ka1 Bd5 29. a4 Rfb8 30. Ra3 0-1